Multiple-Choice-Stadtquiz Essen - Statistiken

Allgemein
  • Dieses Quiz wurde 2.214 mal gespielt
  • Das Durchschnittsergebnis liegt bei 6 aus 10
Antwortstatistiken
Frage Antwort % Korrekt
In welchem Bundesland liegt Essen? Nordrhein-Westfalen
96%
Welches dieses Unternehmen wurde in Essen von zwei Brüdern gegründet? ALDI
81%
Wie heißt das UNESCO-Welterbe, das eine ehemalige Zeche in Essen ist? Zollverein
80%
Welcher Fluss verläuft durch den Süden Essens? Ruhr
77%
Welcher in Essen geborene Fußballspieler erzielte 1954 im WM-Finale das Siegtor für Deutschland? Helmut Rahn
65%
Wie viele Einwohner hat Essen ungefähr? 570.000
60%
Wie heißt der größte Ruhrstausee in Essen, der ein beliebtes Naherholungsgebiet ist? Baldeneysee
49%
Welche Autobahn durchquert Essen von Ost nach West und teilt die Stadt in zwei Hälften? A40
46%
Wie heißt das bekannte Kunstmuseum in Essen? Museum Folkwang
46%
Wie heißt die bekannte Biermarke aus Essen, die seit 1867 in Familienbesitz gebraut wird? Stauder
46%
Keine übereinstimmenden Quizze gefunden
Verteilung der Resultate
Anzahl Personen mit jedem Resultat
Perzentil nach korrekt beantworteten Fragen
Ihre Resultats-Entwicklung
Sie haben dieses Quiz noch nicht gespielt